000 00716nam a2200253Ia 4500
003 OSt
005 20220927105654.0
006 a|||||r|||| 00| 0
007 ta
008 220926b |||||||| |||| 00| 0 eng d
024 _a197129
037 _cReference Collections
040 _aRTL
_cRTL
_beng
041 _2eng
_aeng
082 _a"X:3M24, G5"
100 _aGole G.D.H
_9374166
245 0 _aSimple case for socialism
260 _aLondon
_bVictor Gollancz
_c1935
300 _a288 p
_ccm.
490 _aHandbook of Oriental Studies; v.27
500 _aBibliography: P 253-325; Appendix: P 204-51
942 _h"X:3M24, G5"
_cCC
999 _c693859
_d693859